000 00589cam a22002291 4500
001 ne 65000062
003 DLC
005 20260227111810.0
008 890803s1952 xx 000 0 ara
010 _ane 65000062
035 _a(OCoLC)23513488
040 _aDLC
_cMiU
_dDLC
042 _apremarc
050 0 0 _aKRM2840
_b.M33 1952
100 1 _aMadanī, al-Sayyid Muḥammad.
245 1 0 _aMas'ūlīyat al-dawlah 'an a'mālihā.
260 _c1952
300 _a439 p.
_c24 cm.
500 _a#
504 _aBibliography: p. [425]-432.
650 0 _aGovernment liability
_zEgypt.
999 _c47850
_d47850